[Event "Hastings Masters 2011-12"]
[Site "Hastings ENG"]
[Date "2012.01.02"]
[Round "6.31"]
[White "Snape,I"]
[Black "Duff,R"]
[Result "1-0"]
[WhiteElo "2231"]
[BlackElo "2088"]

1.c4 Nf6 2.Nf3 e6 3.g3 d5 4.Bg2 Be7 5.d4 O-O 6.O-O c6 7.Qc2 Nbd7 8.b3 b6
9.Bb2 Ba6 10.Nbd2 Rc8 11.e4 c5 12.exd5 exd5 13.Qf5 g6 14.Qd3 cxd4 15.Qxd4 dxc4
16.Nxc4 Bxc4 17.bxc4 Nc5 18.Qe3 Ng4 19.Qe2 Bf6 20.Nd4 Ne5 21.Rad1 Qe8 22.Nb5 Ned7
23.Qxe8 Rcxe8 24.Bxf6 Nxf6 25.Nxa7 Re2 26.Rd6 Nfd7 27.Rfd1 Rxa2 28.Rxd7 Nxd7
29.Rxd7 Ra1+ 30.Bf1 Re8 31.Kg2 Ree1 32.Bd3  1-0

[Event "Hastings Masters 2011-12"]
[Site "Hastings ENG"]
[Date "2012.01.02"]
[Round "6.49"]
[White "Armstrong,M"]
[Black "Arias Castanedo,J"]
[Result "1-0"]
[WhiteElo "2016"]
[BlackElo "1941"]

1.d4 d5 2.Nf3 Nf6 3.c4 e6 4.g3 Be7 5.Bg2 O-O 6.Nbd2 b6 7.O-O Bb7 8.b3 h6
9.Bb2 Nbd7 10.Rc1 Re8 11.Qc2 Rc8 12.Rfd1 c5 13.Qb1 Rc7 14.cxd5 exd5 15.e3 Qa8
16.h3 Rec8 17.Nh4 c4 18.Nf5 Bf8 19.Bc3 g6 20.Nh4 Kg7 21.bxc4 dxc4 22.e4 Ba3
23.d5 Bxc1 24.Rxc1 Kh7 25.d6 Rc5 26.f4 Rh5 27.Bf3 Rcc5 28.Re1 Rxh4 29.gxh4 Nh5
30.Bd4 Nxf4 31.Bxc5 Nxc5 32.Nxc4 f5 33.Nd2 Ncd3 34.exf5 Nxe1 35.Qxe1 Bxf3
36.Qe7+ Kg8 37.d7 Nxh3+ 38.Kf1 Be2+ 39.Kxe2 Qg2+ 40.Ke1 Qg3+ 41.Ke2 Qg2+
42.Kd1 Nf2+ 43.Kc2 Qc6+ 44.Kb1  1-0

[Event "Cracovia Open A"]
[Site "Krakow POL"]
[Date "2012.01.02"]
[Round "6.29"]
[White "Wiewiora,E"]
[Black "Lewicki,Mir"]
[Result "1-0"]
[WhiteElo "2124"]
[BlackElo "2222"]

1.d4 Nf6 2.c4 e6 3.g3 d5 4.Bg2 Be7 5.Nf3 O-O 6.O-O b6 7.Nbd2 Bb7 8.b3 c5
9.Bb2 Nc6 10.cxd5 exd5 11.Rc1 Rc8 12.dxc5 bxc5 13.Bxf6 Bxf6 14.Rxc5 Re8 15.Re1 Qe7
16.Rxd5 Nd4 17.Rxd4 Bxd4 18.Nxd4 Rcd8 19.Nc6 Bxc6 20.Bxc6 Rf8 21.e4 f5 22.Bd5+ Kh8
23.Qe2 fxe4 24.Bxe4 Rfe8 25.Nc4 Qb4 26.Rd1 Rb8 27.Qg4 Qc3 28.Qh5 g6 29.Bxg6  1-0

[Event "Northern California International"]
[Site "Fremont USA"]
[Date "2012.01.03"]
[Round "2"]
[White "Jayakumar,A"]
[Black "Shivaji,S1"]
[Result "1/2-1/2"]
[WhiteElo "2197"]
[BlackElo "2295"]

1.d4 d5 2.c4 e6 3.Nf3 Nf6 4.g3 Be7 5.Bg2 O-O 6.O-O dxc4 7.Qa4 a6 8.Qxc4 b5
9.Qc2 Bb7 10.Bd2 Ra7 11.Rc1 Be4 12.Qb3 Nbd7 13.Qe3 Qa8 14.Ba5 Rc8 15.Nbd2 Bd5
16.b4 Ne8 17.Rc2 Nd6 18.Bh3 Nb6 19.Ne5 Bf6 20.Rac1 Nbc4 21.Nexc4 bxc4 22.Qf4 Nb5
23.Nxc4 Nxd4 24.Rd2 h6 25.Ne5 Bxe5 26.Qxe5 Nc6 27.Rxc6 Bxc6 28.b5 Bd5 29.Bc3 f6  1/2-1/2

[Event "24th Staufer-Open"]
[Site "Schwaebisch Gmuend GER"]
[Date "2012.01.03"]
[Round "4"]
[White "Buhmann,R"]
[Black "Poetsch,H"]
[Result "1-0"]
[WhiteElo "2617"]
[BlackElo "2408"]

1.Nf3 Nf6 2.c4 e6 3.g3 d5 4.d4 Be7 5.Bg2 O-O 6.O-O dxc4 7.Qc2 a6 8.a4 Bd7
9.Qxc4 Bc6 10.Bf4 Nd5 11.Bd2 Nd7 12.Rd1 a5 13.Qc2 Nb4 14.Bxb4 Bxb4 15.e4 Nb6
16.Ne5 Be8 17.Nc3 Qe7 18.Nd3 Bc6 19.Ne2 Rfd8 20.b3 Rac8 21.Nxb4 Qxb4 22.Rd3 e5
23.Rc1 exd4 24.Rcd1 Qe7 25.Nxd4 Bd7 26.Qd2 Ra8 27.Nf5 Qf6 28.Ne3 Rf8 29.Rxd7 Nxd7
30.Qxd7 Rfd8 31.Qxc7 Rxd1+ 32.Nxd1 Qa1 33.Bf3 Qb1 34.Qxb7 Rd8 35.Kg2 g6 36.Nc3 Qb2
37.Nd5 Kg7 38.h4 h5 39.Qc7  1-0

[Event "Hastings Masters 2011-12"]
[Site "Hastings ENG"]
[Date "2012.01.04"]
[Round "8.11"]
[White "Demuth,A"]
[Black "Karthikeyan,M2"]
[Result "1/2-1/2"]
[WhiteElo "2442"]
[BlackElo "2154"]

1.d4 Nf6 2.c4 e6 3.Nf3 d5 4.g3 Be7 5.Bg2 O-O 6.O-O c5 7.cxd5 exd5 8.Nc3 Nc6
9.dxc5 Bxc5 10.Na4 Be7 11.Be3 Bg4 12.Rc1 Qd7 13.Nc5 Bxc5 14.Bxc5 Rfe8 15.Re1 Rac8
16.Be3 h6 17.b3 Bh3 18.Bh1 Rxe3 19.fxe3 Qe7 20.Qd2 Re8 21.Bg2 Bxg2 22.Kxg2 Ng4
23.Rc3 Nxe3+ 24.Kf2 Ng4+ 25.Kg1 Nf6 26.Rcc1 Qc7 27.Kg2 Qb6 28.e3 Ng4 29.Nd4 Nce5
30.Re2 Qg6 31.Rf1 Nf6 32.Qc2 Ne4 33.Qc7 Ng5 34.Qc2 Qh5 35.Qf5 g6 36.Qf4 Qh3+
37.Kg1 Qd7 38.Kg2 Ng4 39.h4 Re4 40.Qb8+ Re8 41.Qf4 Re4 42.Qb8+ Re8  1/2-1/2

[Event "2nd Mantova Open A 2012"]
[Site "Mantova ITA"]
[Date "2012.01.04"]
[Round "4"]
[White "Sbarra,M"]
[Black "Radice,L"]
[Result "1-0"]
[WhiteElo "2288"]
[BlackElo "2025"]

1.c4 e6 2.g3 d5 3.Bg2 Nf6 4.d4 Be7 5.Nf3 O-O 6.O-O dxc4 7.Qc2 a6 8.a4 Bd7
9.Rd1 Bc6 10.Nc3 Bxf3 11.Bxf3 Nc6 12.Bxc6 bxc6 13.Bg5 Nd5 14.Bxe7 Qxe7 15.Ne4 Rfb8
16.Qxc4 Rxb2 17.a5 f5 18.Nc5 Rb4 19.Qc2 Nf6 20.e3 h5 21.Nd3 Rb5 22.Qxc6 Ra7
23.Rdb1 Rd5 24.Rb8+ Kh7 25.h4 Nd7 26.Rb3 Rd6 27.Qc2 g5 28.Qe2 Kh6 29.hxg5+ Qxg5
30.Kg2 e5 31.dxe5 Re6 32.f4 Qg8 33.Rh1 Rg6 34.Rxh5+ Kg7 35.Rc3 Kf8 36.Rxf5+ Ke7
37.Qf3 Qa2+ 38.Nf2 Qxa5 39.Rc6 Rxc6 40.Qxc6 Qb6 41.Qd5 Qe6 42.Qd3 a5 43.Rg5 c6
44.Rg6  1-0

[Event "ch-AUS 2011-12"]
[Site "North Geelong AUS"]
[Date "2012.01.04"]
[Round "8.7"]
[White "Liu,Yi"]
[Black "Morris,J"]
[Result "1-0"]
[WhiteElo "2039"]
[BlackElo "2364"]

1.d4 Nf6 2.c4 e6 3.Nf3 d5 4.g3 Be7 5.Bg2 O-O 6.O-O Nbd7 7.Nc3 dxc4 8.e4 c5
9.d5 exd5 10.e5 Ne8 11.Qxd5 Nb6 12.Qxd8 Bxd8 13.Be3 Be7 14.Nd2 Nc7 15.Nde4 Ne6
16.Rad1 f6 17.exf6 gxf6 18.Nd6 Bxd6 19.Rxd6 Kf7 20.Rfd1 Ke7 21.Ne4 Na4 22.b3 Nb2
23.R1d2 Nd3 24.bxc4 Ne5 25.Bxc5 Nxc5 26.Nxc5 Nxc4 27.Rd7+ Bxd7 28.Rxd7+ Ke8
29.Bxb7 Rb8 30.Rxh7 Ne5 31.Na6  1-0

[Event "ch-AUS 2011-12"]
[Site "North Geelong AUS"]
[Date "2012.01.04"]
[Round "8.10"]
[White "Illingworth,M"]
[Black "Tang,J"]
[Result "1/2-1/2"]
[WhiteElo "2401"]
[BlackElo "2008"]

1.d4 d5 2.c4 e6 3.Nf3 Nf6 4.g3 Be7 5.Bg2 O-O 6.O-O c6 7.Qc2 Nbd7 8.Nbd2 b6
9.e4 Bb7 10.e5 Ne8 11.cxd5 cxd5 12.Re1 Rc8 13.Qd1 Qc7 14.Nf1 Qc2 15.Qxc2 Rxc2
16.Ne3 Rc6 17.Bd2 Nc7 18.Rec1 Na6 19.a3 Rfc8 20.Rd1 Nc7 21.Rac1 b5 22.Rxc6 Bxc6
23.Rc1 Bb7 24.Ba5 Na8 25.Rxc8+ Bxc8 26.Bf1 a6 27.Nc2 Nab6 28.b3 f6 29.Bb4 Bd8
30.Nce1 Bc7 31.Nd3 Kf7 32.h4 Nb8 33.Bc3 Nc6 34.Bh3 a5 35.Bf1  1/2-1/2

[Event "XLI Rilton Cup 2011-12"]
[Site "Stockholm SWE"]
[Date "2012.01.04"]
[Round "8"]
[White "Shimanov,A"]
[Black "Rozentalis,E"]
[Result "1-0"]
[WhiteElo "2549"]
[BlackElo "2586"]

1.d4 Nf6 2.Nf3 e6 3.g3 d5 4.c4 Be7 5.Bg2 O-O 6.O-O dxc4 7.Qc2 a6 8.a4 Bd7
9.Rd1 Bc6 10.Nc3 Bxf3 11.Bxf3 Nc6 12.Bxc6 bxc6 13.a5 Qb8 14.Ra4 Qb3 15.Qxb3 cxb3
16.Rc4 Rfd8 17.Bf4 Rd7 18.Na4 Nd5 19.Rxc6 Nxf4 20.gxf4 Bb4 21.Nc5 Bxc5 22.Rxc5 Kf8
23.e3 Ke7 24.Rdc1 Ra7 25.R1c3 Rb7 26.Rc6 Rb5 27.Rxa6 g5 28.fxg5 Rxg5+ 29.Kf1 c5
30.Rxc5 Rxc5 31.dxc5 Rd2 32.Ra7+ Kf6 33.c6 Rxb2 34.c7 Rc2 35.Rb7 b2 36.Rxb2 Rxc7
37.Ra2 Ke5 38.a6 Ra7 39.Ke2 Kd5 40.Kf3 f6 41.Kf4 Kc4 42.e4 h6 43.Kg4 Kd3
44.f3  1-0

[Event "15th Guben Neujahrsopen"]
[Site "Guben GER"]
[Date "2012.01.05"]
[Round "7.5"]
[White "Zschaebitz,K"]
[Black "Michalczak,T"]
[Result "1/2-1/2"]
[WhiteElo "2117"]
[BlackElo "2320"]

1.d4 d5 2.c4 e6 3.Nf3 Nf6 4.g3 Be7 5.Bg2 O-O 6.O-O dxc4 7.Qa4 a6 8.Qxc4 b5
9.Qc2 Bb7 10.Bd2 Be4 11.Qc1 Bb7 12.Rd1 Qc8 13.a4 b4 14.Bf4 c5 15.dxc5 Bxc5
16.Nbd2 Bd5 17.Ne1 Nbd7 18.e4 Bb7 19.Nd3 Be7 20.Qxc8 Rfxc8 21.Rac1 Nc5  1/2-1/2

[Event "Hastings Masters 2011-12"]
[Site "Hastings ENG"]
[Date "2012.01.05"]
[Round "9.17"]
[White "Vuilleumier,A"]
[Black "Karthikeyan,M2"]
[Result "1/2-1/2"]
[WhiteElo "2356"]
[BlackElo "2154"]

1.d4 Nf6 2.c4 e6 3.Nf3 d5 4.g3 Be7 5.Bg2 O-O 6.O-O c5 7.cxd5 exd5 8.Nc3 Nc6
9.Bg5 cxd4 10.Nxd4 h6 11.Be3 Bg4 12.h3 Be6 13.Qa4 Qd7 14.Nxe6 fxe6 15.f4 Rad8
16.Rad1 Qe8 17.Kh2 Bd6 18.Bd4 Nh5 19.e3 Kh8 20.Bf3 e5 21.fxe5 Bxe5 22.Bxe5 Qxe5
23.Bxh5 Qxh5 24.Kg2 Qe5 25.Rxd5 Qxe3 26.Qe4 Qb6 27.Rxf8+ Rxf8 28.Rd2 Qc5
29.Qd5 Qb6 30.Qe6 Qc5 31.Qd5 Qe3 32.Re2 Qc1 33.Qd1 Qg5 34.Qd2 Qg6 35.Nd5 Rd8
36.Nf4 Qb1 37.Qe3 Qxa2 38.Qe4 Qf7 39.h4 Kg8 40.h5 Qd7 41.Rf2 Rf8 42.Qc4+ Kh7
43.Qe4+  1/2-1/2

[Event "Hastings Masters 2011-12"]
[Site "Hastings ENG"]
[Date "2012.01.05"]
[Round "9.52"]
[White "Bourached,Anthony"]
[Black "Arias Castanedo,J"]
[Result "1-0"]
[WhiteElo "1895"]
[BlackElo "1941"]

1.d4 d5 2.c4 e6 3.Nf3 Nf6 4.g3 Be7 5.Bg2 O-O 6.O-O b6 7.Bf4 Bb7 8.Ne5 Nbd7
9.Nc3 Nxe5 10.dxe5 Ne4 11.Nxe4 dxe4 12.Qc2 c5 13.Rfd1 Qc7 14.Bxe4 Bxe4 15.Qxe4 Rad8
16.Be3 h6 17.h4 Rd7 18.h5 Rfd8 19.Rxd7 Rxd7 20.f4 Qd8 21.Kf2 Kh8 22.Rb1 Kg8
23.Kf3 Bf8 24.Qc2 Be7 25.a4 f5 26.exf6 Bxf6 27.Qe4 Re7 28.a5 Kh8 29.axb6 axb6
30.b4 e5 31.f5 Rc7 32.bxc5 bxc5 33.Rb5 Qe8 34.g4 Qd8 35.Bxc5 Qd1 36.Kg2 Qe1
37.Rb8+ Kh7 38.Bd6 Bh4 39.f6+  1-0

[Event "24th Staufer-Open"]
[Site "Schwaebisch Gmuend GER"]
[Date "2012.01.05"]
[Round "8"]
[White "Bluebaum,M"]
[Black "Jurek,J"]
[Result "1-0"]
[WhiteElo "2413"]
[BlackElo "2350"]

1.d4 Nf6 2.c4 e6 3.g3 d5 4.Nf3 Be7 5.Bg2 O-O 6.O-O c6 7.Qc2 Nbd7 8.Nbd2 b6
9.e4 Ba6 10.b3 c5 11.exd5 exd5 12.Bb2 Rc8 13.Qf5 dxc4 14.Nxc4 cxd4 15.Nxd4 g6
16.Qh3 Nb8 17.Rfe1 Rc5 18.Qh6 Re8 19.Qf4 Bxc4 20.bxc4 Rxc4 21.Nc6 Rxf4 22.Nxd8 Rf5
23.Bh3 Bxd8 24.Bxf5 gxf5 25.Bxf6 Rxe1+ 26.Rxe1 Bxf6 27.Re8+ Kg7 28.Rxb8 Bd4
29.Ra8 a5 30.a4 Kf6 31.Re8 Kg5 32.Kg2 h5 33.f4+ Kh6 34.Rg8 f6 35.Rh8+ Kg6
36.Rd8 Bc5 37.Rd5 Be3 38.Kf3 Bc5 39.h3 Bg1 40.g4 hxg4+ 41.hxg4 fxg4+ 42.Kxg4 Bc5
43.f5+ Kh6 44.Rd7 Bg1 45.Rd6 Kg7 46.Kh5 Kf7 47.Rd7+ Ke8 48.Rb7 Bf2 49.Kg4 Kd8
50.Kf3 Kc8 51.Rf7 Bd4 52.Ke4 Be5 53.Kd5 Kd8 54.Kc6 Ke8 55.Rb7 Bd4 56.Rxb6  1-0

[Event "4th Chennai Open"]
[Site "Chennai IND"]
[Date "2012.01.06"]
[Round "4"]
[White "Ghosh,D"]
[Black "Neelotpal,D"]
[Result "0-1"]
[WhiteElo "2372"]
[BlackElo "2471"]

1.d4 Nf6 2.c4 e6 3.g3 d5 4.Nf3 Be7 5.Bg2 O-O 6.O-O dxc4 7.Qc2 b5 8.a4 b4
9.Ne5 Qxd4 10.Nxc4 Nd5 11.Be3 Qf6 12.Nbd2 Nc6 13.Nb3 Ba6 14.Ncd2 Bb7 15.Bc5 Rab8
16.e4 Nb6 17.a5 Nd7 18.Be3 e5 19.Rfd1 Rfd8 20.Bh3 Nf8 21.a6 Ba8 22.Na5 Nxa5
23.Rxa5 c5 24.Bxc5 Bxc5 25.Rxc5 Qxa6 26.Nc4 Rxd1+ 27.Qxd1 Bxe4 28.Nxe5 Qb6
29.Qc1 Rd8 30.Bf1 Ne6 31.Rc8 Bb7 32.Rxd8+ Qxd8 33.Bc4 Qd6 34.Qe1 a5 35.h4 Kf8
36.Qe2 g6 37.f4 a4 38.h5 Bd5 39.Kh2 Bxc4 40.Qxc4 gxh5 41.Kh3 a3 42.bxa3 bxa3
43.Qc8+ Kg7 44.Qb7 Nd8 45.Qa7 Qe6+ 46.Kh2 a2 47.Qd4 f6 48.Qxd8 a1=Q 49.Qc7+ Kg8
50.Qd8+ Kg7 51.Qc7+ Kh6 52.Nf7+ Kg6 53.Nh8+ Kf5 54.Qxh7+ Kg4  0-1

[Event "Northern California International"]
[Site "Fremont USA"]
[Date "2012.01.07"]
[Round "8"]
[White "Studen,D"]
[Black "Shivaji,S1"]
[Result "1-0"]
[WhiteElo "2248"]
[BlackElo "2295"]

1.d4 d5 2.c4 e6 3.Nf3 Nf6 4.g3 Be7 5.Bg2 O-O 6.O-O dxc4 7.Ne5 Nc6 8.Nxc6 bxc6
9.Bxc6 Rb8 10.Nc3 Nd5 11.e4 Nb4 12.Bb5 Nd3 13.Bxc4 Nxb2 14.Bxb2 Rxb2 15.Qd3 Rb4
16.Rfd1 Kh8 17.a3 Rb8 18.f4 Bd7 19.Rd2 Qe8 20.e5 Rd8 21.Nb5 Rc8 22.Nc3 Rb8
23.Ne4 Bc6 24.Nc3 Ba8 25.d5 Bc5+ 26.Kf1 Rd8 27.Qe2 exd5 28.Bxd5 Qd7 29.Rdd1 Qh3+
30.Qg2 Qxg2+ 31.Bxg2 Bxg2+ 32.Kxg2 Rxd1 33.Rxd1 Bxa3 34.Rd7 Kg8 35.Rxc7 a5
36.Ra7 Bb4 37.Nd5 Rb8 38.Kf3 h5 39.Ke4 Kf8 40.f5 Be1 41.e6 fxe6 42.fxe6 Bb4
43.Kf5 h4 44.Kg6 hxg3 45.hxg3 Rd8 46.Rf7+ Kg8 47.Rxg7+ Kf8 48.Rf7+  1-0

[Event "XXI Paul Keres Memorial Preliminary"]
[Site "Tallinn EST"]
[Date "2012.01.07"]
[Round "5"]
[White "Khalifman,A"]
[Black "Kovaljov,D"]
[Result "1-0"]
[WhiteElo "2632"]
[BlackElo "2274"]

1.d4 d5 2.c4 e6 3.Nf3 Be7 4.g3 Nf6 5.Bg2 O-O 6.O-O c6 7.Nc3 Nbd7 8.b3 b6
9.Bb2 Ba6 10.a4 Rc8 11.Nd2 Bb4 12.e4 dxc4 13.Nxc4 Bxc4 14.bxc4 e5 15.Ne2 Qe7
16.Qb3 c5 17.dxe5 Nxe5 18.f4 Nc6 19.e5 Nd7 20.Rad1 Na5 21.Qc2 Nb8 22.f5 f6
23.e6 Rfd8 24.Nf4 Nbc6 25.Nd5 Rxd5 26.cxd5 Nd4  1-0

[Event "Northern California International"]
[Site "Fremont USA"]
[Date "2012.01.08"]
[Round "9"]
[White "Kavutskiy,K"]
[Black "Studen,D"]
[Result "0-1"]
[WhiteElo "2315"]
[BlackElo "2248"]

1.d4 d5 2.c4 e6 3.Nf3 Nf6 4.g3 Be7 5.Bg2 O-O 6.O-O c6 7.Qc2 Nbd7 8.Nbd2 b6
9.e4 Nxe4 10.Nxe4 dxe4 11.Qxe4 Bb7 12.Rd1 Nf6 13.Qc2 Qc7 14.Bf4 Bd6 15.Bxd6 Qxd6
16.c5 Qc7 17.b4 b5 18.a4 a6 19.Ng5 h6 20.Ne4 Nxe4 21.Bxe4 Rfd8 22.Qc3 Qe7
23.h4 Qc7 24.f4 Rd7 25.Rd2 Rad8 26.Rad1 Re8 27.Bc2 Qd8 28.Qd3 Qf6 29.Qe4 g6
30.Kg2 h5 31.Qe5 Kg7 32.Be4 Red8 33.Kf3 Qxe5 34.fxe5 Kh6 35.Ke3 Ra8 36.Rf1 Kg7
37.Rg1 Rh8 38.Bf3 Rdd8 39.g4 hxg4 40.Rxg4 Kf8 41.Rf4 Rh6 42.Rf2 Rd7 43.Bg2 Kg7
44.Rf1 Rh8 45.Rg1 Rh6 46.Bf3 Kf8 47.Rh1 Rh7 48.Rg4 Ke7 49.Rg2 Rd8 50.Ra2 Kd7
51.Rf2 Rdh8 52.Be4 Ke7 53.Rhf1 Rg7 54.Rf4 Rh6 55.axb5 axb5 56.Ra1 Kd7 57.Kf3 Rgh7
58.Kg3 Rg7 59.Rg4 Rgh7 60.Rh1 Rh8 61.Rf4 Ke7 62.Rhf1 R8h7 63.Bf3 Rg7 64.Rg4 Rgh7
65.Be2 Rg7 66.Rf6 Rh8 67.Rf1 Rh6 68.Bd3 Rh8 69.Ra1 Kd7 70.Ra2 Rh6 71.Rh2 Rgh7
72.Be2 Ke7 73.Rg5 Rh8 74.Bd1 Rd8 75.Rg4 Ra8 76.Rf4 Rah8 77.Rff2 Ra8 78.Ra2 Rhh8
79.Kf4 Raf8 80.Ke3 Ra8 81.Bf3 Rxa2 82.Rxa2 Kd7 83.Rh2 Ke7 84.Kf4 f6 85.exf6+ Kxf6
86.Be4 Rxh4+ 87.Rxh4 g5+ 88.Kg4 gxh4 89.Bd3 e5 90.d5 e4 91.Be2 cxd5 92.Bxb5 Ke5
93.Bd7 d4 94.c6 Ba6 95.Kxh4 d3 96.Kg3 Bb5 97.Be8 d2 98.c7 d1=Q 99.c8=Q Qg1+
100.Kh3 Qe3+ 101.Kh4 Qf4+ 102.Kh5 Qf3+ 103.Kh6 Qf8+ 104.Kg5 Qg8+ 105.Kh4 Qxe8
106.Qc5+ Ke6 107.Qb6+ Qc6 108.Qd8 Ke5 109.Qg5+ Kd4 110.Qg7+ Kd3 111.Qb2 Qh6+
112.Kg3 Qg5+ 113.Kh3 Bd7+  0-1

[Event "11th Prague Open A"]
[Site "Prague CZE"]
[Date "2012.01.13"]
[Round "1"]
[White "Bernadskiy,V"]
[Black "Liuba,Volodymyr"]
[Result "1-0"]
[WhiteElo "2462"]
[BlackElo "2108"]

1.d4 Nf6 2.c4 e6 3.g3 d5 4.Nf3 Be7 5.Bg2 O-O 6.O-O dxc4 7.Qc2 a6 8.Qxc4 b5
9.Qc2 Bb7 10.Bd2 Be4 11.Qc1 Bb7 12.Rd1 Qc8 13.b4 Nbd7 14.a3 Rd8 15.Bf4 Bd6
16.Nbd2 a5 17.Qb2 axb4 18.Bxd6 cxd6 19.Qxb4 Nd5 20.Qb3 Nc3 21.Re1 Nb6 22.e4 d5
23.e5 Nba4 24.Bf1 Qd7 25.Rac1 Rdc8 26.Rc2 Ba6 27.Rec1 Ne4 28.Rxc8+ Rxc8 29.Rxc8+ Qxc8
30.Bxb5 Bxb5 31.Qxb5 Nac3 32.Qb4 h6 33.Kg2 Qa6 34.Nxe4 Nxe4 35.Qb2 Qa5 36.h4 g5
37.hxg5 hxg5 38.Qc1 Kf8 39.Nh2 Qa6 40.Qe3 Qc4 41.Ng4 Qc2 42.Nf6 Nxf6 43.exf6 Qf5
44.Qe5 Qxe5 45.dxe5 Ke8 46.f4 g4 47.a4  1-0

[Event "10th Parsvnath Open"]
[Site "New Delhi IND"]
[Date "2012.01.15"]
[Round "2"]
[White "Ashwin,J"]
[Black "Jyothilal,N"]
[Result "1-0"]
[WhiteElo "2472"]
[BlackElo "2100"]

1.d4 d5 2.c4 e6 3.Nf3 Be7 4.g3 Nf6 5.Bg2 O-O 6.O-O c5 7.cxd5 exd5 8.Nc3 Nc6
9.dxc5 Bxc5 10.Na4 Be7 11.Be3 Ne4 12.Rc1 Bf6 13.Nd4 Nxd4 14.Bxd4 Re8 15.e3 Bf5
16.Nc3 Nxc3 17.Rxc3 Be4 18.Qd2 Bxd4 19.Qxd4 Bxg2 20.Kxg2 Qa5 21.Ra3 Qb5 22.Rc1 Re4
23.Rc5 Qe2 24.Qxd5 Qxb2 25.Rxa7 Rae8 26.Qxe4  1-0

[Event "10th Parsvnath Open"]
[Site "New Delhi IND"]
[Date "2012.01.15"]
[Round "2"]
[White "Kunte,A"]
[Black "Abhishek,K"]
[Result "1-0"]
[WhiteElo "2548"]
[BlackElo "2164"]

1.d4 d5 2.c4 e6 3.Nf3 Nf6 4.g3 Be7 5.Bg2 O-O 6.O-O dxc4 7.Qc2 a6 8.a4 Bd7
9.Qxc4 Bc6 10.Bf4 Nd5 11.Bd2 a5 12.Ne5 Nb6 13.Qd3 Bxg2 14.Kxg2 f6 15.Nf3 Nc6
16.Bc3 Qd7 17.Nbd2 Nb4 18.Qe4 Rfb8 19.b3 N6d5 20.Bb2 b5 21.axb5 Rxb5 22.Nc4 Nc6
23.Nfd2 Bb4 24.Rfc1 Nde7 25.Nf3 Rab8 26.Qc2 Bd6 27.Ncd2 Nb4 28.Qc4 f5 29.Ba3 Ned5
30.Bxb4 Nxb4 31.Re1 R5b6 32.Qc3 Rb5 33.e4 h6 34.Qc4 f4 35.Rec1 Kh8 36.e5 Be7
37.Qxc7 Qe8 38.Qc4 Qg6 39.Ra4 fxg3 40.hxg3 Nd5 41.Qc2 Qxc2 42.Rxc2 Bb4 43.Ne4 Kg8
44.Rc6 Kf7 45.Nd6+ Bxd6 46.exd6 Nb6 47.Ne5+ Ke8 48.Rc7 Nxa4 49.Re7+ Kf8 50.Nd7+ Kg8
51.bxa4 Rb2 52.Nxb8 Rxb8 53.d7 Kf8 54.Rxe6 Rd8 55.Rd6  1-0

[Event "TCh-SVK Extraliga 2011-12"]
[Site "Slovakia SVK"]
[Date "2012.01.15"]
[Round "6"]
[White "Spacek,O"]
[Black "Bednar,Mil"]
[Result "1-0"]
[WhiteElo "1907"]
[BlackElo "2272"]

1.d4 d5 2.c4 e6 3.Nf3 Nf6 4.g3 Be7 5.Bg2 O-O 6.O-O b6 7.Nc3 Bb7 8.Ne5 Nbd7
9.Qc2 c5 10.cxd5 exd5 11.e3 Qc7 12.Nxd7 Qxd7 13.Ne2 Rac8 14.dxc5 bxc5 15.Rd1 Rfd8
16.Nf4 d4 17.Bxb7 Qxb7 18.exd4 cxd4 19.Qb3 Qa8 20.Nd3 Ne4 21.Bf4 Bg5 22.h4 Bxf4
23.Nxf4 h6 24.Nd3 Rc6 25.Rac1 Rxc1 26.Nxc1 Nc5 27.Qc4 Ne6 28.Nd3 Rc8 29.Qb3 Qf3
30.Nc1 Qg4 31.Nd3 g5 32.Re1 gxh4 33.Ne5 Qf5 34.gxh4 Kh7 35.Qd3 Qxd3 36.Nxd3 Rc2
37.Rd1 Kg6 38.Kg2 Kf5 39.Kf3 a5 40.a4 h5 41.Re1 Rd2 42.Ne5 f6 43.Nc4 Rd3+
44.Kg2 Nf4+ 45.Kg1 Kg4 46.Nxa5 Kf3 47.Nc4 Nh3+ 48.Kf1 Nxf2 49.a5 Nd1 50.a6 Ne3+
51.Nxe3 dxe3 52.a7 Rd8 53.Ra1 Ra8 54.b4 Ke4 55.b5 Kd5 56.b6 Kc6 57.Rb1 Kb7
58.Ke2 Re8 59.Rb3 Re6 60.Ra3 Re8 61.Rxe3 Rg8 62.Ra3 Ra8 63.Rb3 Rg8 64.Kf3 Rg4
65.Ra3 Rg8 66.Kf4 Ra8 67.Rb3 Rc8 68.Kf5 Rc4 69.Ra3 Rc8 70.a8=Q+ Rxa8 71.Rxa8  1-0

[Event "10th Parsvnath Open"]
[Site "New Delhi IND"]
[Date "2012.01.16"]
[Round "3"]
[White "Praveen Kumar,C1"]
[Black "Vidit,S"]
[Result "1/2-1/2"]
[WhiteElo "2338"]
[BlackElo "2513"]

1.d4 Nf6 2.c4 e6 3.g3 d5 4.Nf3 Be7 5.Bg2 O-O 6.O-O dxc4 7.Qc2 a6 8.Qxc4 b5
9.Qc2 Bb7 10.Bd2 Bd6 11.a3 Be4 12.Qc1 Nc6 13.Nc3 Bxf3 14.Bxf3 Nxd4 15.Bxa8 Qxa8
16.Rb1 Ne4 17.Qd1 Rd8 18.Nxe4 Qxe4 19.Be3 Nf5 20.Qb3 Nxe3 21.Qxe3 Qxe3 22.fxe3 Kf8
23.Rfd1 Ke7 24.Rbc1 f6 25.Kg2 a5 26.Rc6 a4 27.Kf3 Ra8  1/2-1/2

[Event "10th Parsvnath Open"]
[Site "New Delhi IND"]
[Date "2012.01.16"]
[Round "3"]
[White "Hegde,R1"]
[Black "Kravtsiv,M"]
[Result "0-1"]
[WhiteElo "2211"]
[BlackElo "2602"]

1.d4 Nf6 2.Nf3 e6 3.c4 d5 4.g3 Be7 5.Bg2 O-O 6.O-O dxc4 7.Na3 Bxa3 8.bxa3 b5
9.a4 a6 10.Bg5 Bb7 11.Qb1 Bc6 12.Rd1 Nbd7 13.Ne5 Bxg2 14.Kxg2 Qb8 15.e4 c5
16.Nxd7 Nxd7 17.d5 exd5 18.Rxd5 Nb6 19.Bf4 Qc8 20.Rd6 Nxa4 21.Qc2 c3 22.Be5 Qe8
23.Bf4 b4 24.Re1 Qb5 25.e5 c4 26.Qf5 Nc5 27.Red1 Nd3 28.Bh6 Qxe5  0-1

[Event "74th Tata Steel GMC"]
[Site "Wijk aan Zee NED"]
[Date "2012.01.17"]
[Round "4"]
[White "Tikkanen,H"]
[Black "Goudriaan,E"]
[Result "1-0"]
[WhiteElo "2549"]
[BlackElo "2279"]

1.c4 Nf6 2.g3 e6 3.Bg2 d5 4.d4 Be7 5.Nf3 O-O 6.O-O dxc4 7.Qc2 b5 8.a4 b4
9.Bg5 Nbd7 10.Ne5 Nxe5 11.Bxf6 gxf6 12.dxe5 Rb8 13.Rd1 Qe8 14.Qxc4 Bb7 15.Bxb7 Rxb7
16.Qg4+ Kh8 17.exf6 Bxf6 18.Qf3 Bxb2 19.Ra2 Rb6 20.Rxb2 f6 21.Rbd2 e5 22.a5 Ra6
23.Rd7 Rxa5 24.Rd8  1-0

[Event "10th Parsvnath Open"]
[Site "New Delhi IND"]
[Date "2012.01.18"]
[Round "6"]
[White "Swapnil,SD"]
[Black "Karthikeyan,M2"]
[Result "1/2-1/2"]
[WhiteElo "2435"]
[BlackElo "2225"]

1.d4 Nf6 2.c4 e6 3.Nf3 d5 4.g3 Be7 5.Bg2 O-O 6.O-O c5 7.cxd5 exd5 8.Nc3 Nc6
9.Bg5 cxd4 10.Nxd4 h6 11.Be3 Bg4 12.Qa4 Qd7 13.Bxd5 Nxd5 14.Nxd5 Qxd5 15.Nxc6 Qxc6
16.Qxg4 f5 17.Qd4 Qe6 18.Rfd1 Rfd8 19.Qa4 a6 20.b3 b5 21.Qa5 Bf6 22.Rac1 Rxd1+
23.Rxd1 Rc8 24.Qd2 Qe4 25.Rc1 Rd8 26.Qa5 f4 27.Bxf4 Qxe2 28.Qxa6 Bd4 29.Be3 Bxe3
30.Qe6+ Kh8 31.Qxe3 Qxe3 32.fxe3 Rd2 33.a4 Rd3 34.Rb1 bxa4 35.bxa4 Ra3 36.Kf2 Rxa4
37.h4 Kg8 38.h5 Kf7  1/2-1/2

[Event "10th Parsvnath Open"]
[Site "New Delhi IND"]
[Date "2012.01.19"]
[Round "7.8"]
[White "Ghosh,D"]
[Black "Vidit,S"]
[Result "1/2-1/2"]
[WhiteElo "2372"]
[BlackElo "2513"]

1.d4 Nf6 2.c4 e6 3.g3 d5 4.Nf3 Be7 5.Bg2 O-O 6.O-O dxc4 7.Qc2 a6 8.a4 Bd7
9.Qxc4 Bc6 10.Bf4 a5 11.Nc3 Na6 12.Ne5 Bxg2 13.Kxg2 Nd5 14.Rad1 Nxf4+ 15.gxf4 Bd6
16.e3 Qh4 17.Qe2 Bxe5 18.fxe5 f6 19.exf6 Rxf6 20.f4 Nb4 21.Kh1 Rg6 22.Rg1 Rxg1+
23.Rxg1 Qe7 24.Qf3 c6 25.Ne4 Nd5  1/2-1/2

[Event "10th Parsvnath Open"]
[Site "New Delhi IND"]
[Date "2012.01.19"]
[Round "7.23"]
[White "Danielsen,Hen"]
[Black "Karthikeyan,M2"]
[Result "1/2-1/2"]
[WhiteElo "2536"]
[BlackElo "2225"]

1.d4 Nf6 2.Nf3 d5 3.c4 e6 4.g3 Be7 5.Bg2 O-O 6.O-O c5 7.cxd5 exd5 8.Be3 cxd4
9.Nxd4 Nc6 10.Nc3 Re8 11.Rc1 Be6 12.Nxc6 bxc6 13.Na4 Qa5 14.b3 Qa6 15.Qc2 Rac8
16.Bc5 h6 17.Bxe7 Rxe7 18.Nc5 Qb6 19.Nxe6 fxe6 20.e4 Ree8 21.Rfe1 Qc7 22.Qc3 Qf7
23.Rc2 Qd7 24.e5 Nh7 25.h4 Qf7 26.Rec1 Nf8 27.Bf1 Ng6 28.Qe3 Rf8 29.Ba6 Rc7
30.Rxc6 Rxc6 31.Rxc6 d4 32.Qe2 Nxe5 33.Rd6 Nf3+ 34.Kg2 Kh8 35.Rxe6 d3 36.Bxd3 Nd4
37.Qe4 Qxf2+ 38.Kh3 Nf5 39.Qg2 Qc5 40.Rc6 Qe7 41.Bxf5 Rxf5 42.Rc8+ Rf8 43.Qc6 Qf7
44.Rxf8+ Qxf8 45.Kg4 Qd8 46.Kh3 Qd4 47.Qc8+ Kh7 48.Qc2+ Kh8 49.a3 Qd7+ 50.Kh2 a5
51.b4 axb4 52.axb4 Qb5 53.Qd2 Qb6 54.Qf4 Qb5 55.Qe4 Qb6 56.Kg2 Qb5 57.g4 Qa4
58.Qc4 Qa8+ 59.Kg3 Qb8+ 60.Kh3 Qa8 61.h5 Qf3+ 62.Kh2 Qf2+ 63.Kh1 Qe1+ 64.Kg2 Qd2+
65.Kf3 Qd1+ 66.Ke3 Qg1+ 67.Kf4  1/2-1/2

[Event "10th Parsvnath Open"]
[Site "New Delhi IND"]
[Date "2012.01.21"]
[Round "9.5"]
[White "Kunte,A"]
[Black "Swapnil,SD"]
[Result "1/2-1/2"]
[WhiteElo "2548"]
[BlackElo "2435"]

1.d4 Nf6 2.c4 e6 3.Nf3 d5 4.g3 Be7 5.Bg2 O-O 6.O-O dxc4 7.Qc2 a6 8.a4 Bd7
9.Bg5 Bc6 10.Bxf6 Bxf6 11.Rd1 Bxf3 12.Bxf3 c6 13.Qxc4 a5 14.Nc3 Na6 15.e4 Qb6
16.e5 Be7 17.Rd2 Rad8 18.Rad1 Rd7 19.h4 Rfd8 20.Na2 Nb4 21.Nc1 Nd5 22.Nb3 Qb4
23.Qxb4 Bxb4 24.Rc2 Nb6 25.Ra1 g6  1/2-1/2

[Event "10th Parsvnath Open"]
[Site "New Delhi IND"]
[Date "2012.01.21"]
[Round "9.23"]
[White "Ghosh,D"]
[Black "Karthikeyan,M2"]
[Result "1/2-1/2"]
[WhiteElo "2372"]
[BlackElo "2225"]

1.d4 Nf6 2.c4 e6 3.g3 d5 4.Nf3 Be7 5.Bg2 O-O 6.O-O c5 7.cxd5 exd5 8.Nc3 Nc6
9.dxc5 Bxc5 10.Na4 Be7 11.Be3 Re8 12.Rc1 Bf8 13.Nd4 Nxd4 14.Qxd4 Bd7 15.Nc3 Bc6
16.Bg5 Be7 17.Rfd1 h6 18.Be3 Qa5 19.a3 b6 20.Qd2 Rad8 21.Bd4 Qa6 22.e3 Qb7
23.Qe2 Bd7 24.Qd2 Bc6 25.Qe2 Bd7 26.Qd2  1/2-1/2